| 000 | 00340nam a2200133Ia 4500 | ||
|---|---|---|---|
| 005 | 20251222143113.0 | ||
| 008 | 251222s9999||||xx |||||||||||||| ||spa|| | ||
| 020 | _a978-9972-57-118-3 | ||
| 082 | _a658.802/M32 | ||
| 100 | _aMayorga Gutiérrez, David | ||
| 245 | 0 | _aEl Plan de Marketing | |
| 264 | _bUniversidad del Pacífico | ||
| 942 | _cLIB | ||
| 999 |
_c11254 _d11254 |
||